000 00455nam a2200181Ia 4500
001 15846
005 20260306170226.0
008 260306t2004||||xx |||||||||||||| ||und||
041 _aESP
082 _a620.11
_bS61
100 _aSmith, William F.
_eAUT
245 0 _aFundamentos de la ciencia e ingenierĂ­a de materiales
260 _c2004
300 _axxi, 1032 páginas :
_c23 cm.
650 _aGEN
654 _aCII
942 _cLIB
_dJUS
_fJUS
_2ddc
_n
999 _c15846
_d15846